|
|
|
|
| LEADER |
00000nam0a2200000 4500 |
| 001 |
350151 |
| 005 |
20231102010255.0 |
| 020 |
|
|
|a RU
|b 91-45152
|
| 035 |
|
|
|a (RuTPU)RU\TPU\retro\3680
|
| 090 |
|
|
|a 350151
|
| 100 |
|
|
|a 20181120d1991 m y0rusy5003 ca
|
| 101 |
0 |
|
|a rus
|
| 102 |
|
|
|a RU
|
| 105 |
|
|
|a a z 000zy
|
| 200 |
1 |
|
|a Основы хиромантии.Толкование знаков на руках по индийским и средневековым источникам
|e [перевод]
|
| 210 |
|
|
|a Свердловск
|c Урал. науч.-произв. фирма "Тежла"
|d 1991
|
| 215 |
|
|
|a 31,[1] с.
|c ил.
|d 20 см
|
| 606 |
1 |
|
|a Хиромантия
|2 stltpush
|3 (RuTPU)RU\TPU\subj\17395
|9 43051
|
| 610 |
1 |
|
|a руки
|
| 610 |
1 |
|
|a толкование
|
| 610 |
1 |
|
|a знаки
|
| 686 |
|
|
|a Э41
|2 rubbk
|
| 801 |
|
0 |
|a RU
|b RuMRKP
|c 19950417
|g psbo
|
| 801 |
|
1 |
|a RU
|b 63413507
|c 20181120
|
| 801 |
|
2 |
|a RU
|b 63413507
|c 20181120
|g RCR
|
| 942 |
|
|
|c BK
|